Grupos de poder clerical en las universidades hispánicas : los regulares en Salamanca y México durante el siglo XVI /

Primero de dos tomos de esta investigación sobre las relaciones entre las órdenes religiosas y dos universidades hispánicas en el siglo XVI: la ya reconocida Universidad de Salamanca, motivo de la primera entrega, y la Real Universidad de México, fundada en 1551 y erigida en 1553. Centrado en la con...

Полное описание

Сохранить в:
Библиографические подробности
Главный автор: Ramírez González, Clara Inés (autor)
Другие авторы: Rodríguez-San Pedro Bezares, Luis Enrique (prólogo) (prólogo)
Формат:
Язык:испанский
Опубликовано: México : UNAM, Centro de Estudios sobre la Universidad, 2001, c2001
Серии:(La Real Universidad de México; Estudios y Textos) 12.
Предметы:
Метки: Добавить метку
Нет меток, Требуется 1-ая метка записи!

MARC

LEADER 00000nam^a2200000^a^4500
001 000140185
005 20250521000000.0
009 20260310095529.483
020 |a 968-36-9305-9 
037 |a Acervo ITESO - Biblioteca 
041 |a ESP 
082 |a 972. 03  |b RAM V. 1 
100 |a Ramírez González, Clara Inés  |e (autor) 
245 1 0 |a Grupos de poder clerical en las universidades hispánicas :  |b los regulares en Salamanca y México durante el siglo XVI /  |c C.I. Ramírez González ; pról. de L.E. Rodríguez-San Pedro Bezares. 
264 4 |a México :  |b UNAM, Centro de Estudios sobre la Universidad,  |c 2001, c2001 
300 |a 1 v. 
336 |a texto  |b txt  |2 rdacontenido 
337 |a sin mediación  |b n  |2 rdamedio 
338 |a volumen  |b nc  |2 rdasoporte 
440 4 |a (La Real Universidad de México;  |v 12.  |p Estudios y Textos) 
520 |a Primero de dos tomos de esta investigación sobre las relaciones entre las órdenes religiosas y dos universidades hispánicas en el siglo XVI: la ya reconocida Universidad de Salamanca, motivo de la primera entrega, y la Real Universidad de México, fundada en 1551 y erigida en 1553. Centrado en la conformación de grupos de poder clerical en estas instituciones, el estudio tiene por hilo conductor la historia de la fundación de cátedras exclusivas para los dominicos a inicios del siglo XVII y presenta el nacimiento de la universidad española moderna, luego de agotarse el modelo medieval, que sería emulada a la hora de establecer la universidad novohispana. 
649 |a XX 
650 |a Universidad de Salamanca -  |x Historia 
650 |a Universidades Católicas -  |z Salamanca, España -  |x Historia 
650 |a Instituciones Educativas -  |z Salamanca, España -  |x Historia 
650 |a Educación Superior -  |z Salamanca, España -  |x Historia 
650 |a Educación Religiosa -  |z Salamanca, España -  |x Historia 
650 |a Teología -  |z Salamanca, España -  |x Estudio y Enseñanza 
650 |a Iglesia y Educación -  |z Salamanca, España -  |x Historia 
650 |a Dominicos en Salamanca, España -  |x Historia 
650 |a Monasticismo y Ordenes Religiosas -  |z Salamanca, España -  |x Historia 
650 |a Iglesia Católica en Salamanca, España -  |x Historia 
650 |a Catolicismo -  |z Salamanca, España -  |x Historia 
650 |a Cristianismo -  |z Salamanca, España -  |x Historia 
650 |a Poder Político -  |z Salamanca, España -  |x Historia 
650 |a Salamanca, España -  |x Historia -  |y Carlos I, 1516-1556 
650 |a Salamanca, España -  |x Historia -  |y Felipe II, 1556-1598 
650 |a Salamanca, España -  |x Historia -  |y Siglo XVI 
650 |a Salamanca, España -  |x Historia -  |y Casa de Austria, 1516-1700 
650 |a Sociología de la Educación 
700 |a Rodríguez-San Pedro Bezares, Luis Enrique  |e (prólogo) 
910 |a Fondo General 
920 |a Impresos - Libros 
930 |a Colección General 
905 |a 101 
901 |a 0500068579  |b IT1  |c ACC  |u 20250521 
902 |a https://opac.biblio.iteso.mx/vufind/Record/000140185